[Event "FRA-chT3 Gr7 9899"]
[Site "France"]
[Date "1999.01.17"]
[Round "4"]
[White "Aveline, Philippe"]
[Black "Biard, Noah"]
[Result "1-0"]
[WhiteElo "2110"]
[BlackElo "1500"]
[PlyCount "57"]
[EventDate "1998.10.??"]
[EventType "team"]
[EventRounds "9"]
[EventCountry "FRA"]
[SourceTitle "EXT 2005"]
[Source "ChessBase"]
[SourceDate "2004.11.15"]
[SourceVersion "1"]
[SourceVersionDate "2004.11.15"]
[SourceQuality "1"]

1. e4 e5 2. f4 exf4 3. Nf3 Nc6 4. d4 Bb4+ 5. c3 Ba5 6. Bc4 d6 7. Bxf4 Nf6 8. Bg5 h6 9. Bxf6 gxf6 10. Nbd2 Bg4 11. Qb3 Qd7 12. 0-0 Bb6 13. Qc2 0-0-0 14. b4 Rhg8 15. Kh1 f5 16. Bd3 fxe4 17. Nxe4 Qe7 18. Rae1 Bxf3 19. gxf3 Rde8 20. Qf2 Qd8 21. Rg1 Ne5 22. Be2 Ng6 23. Qg3 Kb8 24. Bb5 Re7 25. Rd1 f5 26. Nf6 Rgg7 27. Nh5 Rg8 28. Nf4 Qc8 29. Bc4 1-0